000 00399nam a2200145Ia 4500
008 230917s9999||||xx |||||||||||||| ||und||
040 _e75777
_aMAIN
041 _aEnglish
082 _a331.0941 F914I
100 _aFriedman, Andred L
245 0 _aIndustry and labour: class struggle at work and monopoly capitalicm
260 _aLondon
_bMacmillan
_c1977
300 _axii, 313 p.
942 _cBK
999 _c205035
_d205035